Transnacionálne korporácie v krajinách strednej a východnej Európy bakalárska práca

Guardado en:
Detalles Bibliográficos
Autor principal: Targoš, Marek
Autor Corporativo: Fakulta medzinárodných vzťahov EU. Katedra medzinárodných ekonomických vzťahov a hospodárskej diplomacie
Otros Autores: Gálová, Lucia
Formato: Libro
Lenguaje:eslovaco
Publicado: Bratislava 2009
Etiquetas: Agregar Etiqueta
Sin Etiquetas, Sea el primero en etiquetar este registro!

MARC

LEADER 00000nam$a2200000$$$4500
001 0099990
005 20240318140952.7
041 0 |a slo 
044 |a SK 
245 1 0 |a Transnacionálne korporácie v krajinách strednej a východnej Európy  |b bakalárska práca  |c Marek Targoš ; škol. Lucia Gálová 
264 1 |a Bratislava  |c 2009 
300 |a 44 s. 
100 1 |a Targoš, Marek 
700 1 |a Gálová, Lucia 
710 2 |a Fakulta medzinárodných vzťahov EU. Katedra medzinárodných ekonomických vzťahov a hospodárskej diplomacie